| 000 | 00393nam a2200157Ia 4500 | ||
|---|---|---|---|
| 008 | 221030s9999 xx 000 0 und d | ||
| 020 | _a8174760741 | ||
| 041 | _aEnglish | ||
| 082 |
_a105.23 _bKum |
||
| 100 | _aJagadish Kumar | ||
| 245 | 0 |
_aHow To Create A Winning Organisation _cby Jagadish Kumar |
|
| 260 |
_bUBS Pub. _aNew Delhi _c1996 |
||
| 300 | _a262 | ||
| 650 | _aGeneral | ||
| 942 | _cBK | ||
| 999 |
_c7355 _d7355 |
||